Perspectivas y expectativas en las relaciones entre Centroamérica y la Unión Europea /
El diálogo entre la Unión Europea y Centroamérica cumplirá 20 años en 2004. La UE y sus países miembros son la principal fuente de cooperación al desarrollo para esa región y el segundo socio económico. Los gobiernos centroamericanos han planteado en los últimos años la importancia de iniciar las ne...
Guardat en:
| Autor principal: | |
|---|---|
| Format: | Text |
| Matèries: | |
| Etiquetes: |
Afegir etiqueta
Sense etiquetes, Sigues el primer a etiquetar aquest registre!
|
MARC
| LEADER | 00000 a a2200000 04500 | ||
|---|---|---|---|
| 001 | 10739 | ||
| 003 | |||
| 040 | |||
| 100 | |a Lagos Andino, Ricardo | ||
| 245 | |a Perspectivas y expectativas en las relaciones entre Centroamérica y la Unión Europea / |c Ricardo Lagos Andino | ||
| 520 | |a El diálogo entre la Unión Europea y Centroamérica cumplirá 20 años en 2004. La UE y sus países miembros son la principal fuente de cooperación al desarrollo para esa región y el segundo socio económico. Los gobiernos centroamericanos han planteado en los últimos años la importancia de iniciar las negociaciones de un acuerdo de asociación y libre comercio, y tienen la expectativa de que esto se anuncie en el III Cumbre, a realizarse en México en mayo de 2004 | ||
| 650 | |a RELACIONES INTERNACIONALES | ||
| 650 | |a POLITICA INTERNACIONAL | ||
| 650 | |a COOPERACION ECONOMICA | ||
| 650 | |a COMERCIO | ||
| 773 | |g número 190; páginas 101-109 | ||
| 999 | |c 35584 |d 35584 | ||
